Catalog

Record Details

Catalog Search



Evaluation der allgemein bildenden schulen im Bereich der Schulpflicht in Europa Cover Image Book Book

Evaluation der allgemein bildenden schulen im Bereich der Schulpflicht in Europa

Record details

  • ISBN: 2-87116-365-0
  • Physical Description: 155 s. : il., mapy ; 28 cm
  • Publisher: Brüssel : Eurydice, c2004

Content descriptions

Bibliography, etc. Note:
Obsahuje bibliografické odkazy
Subject: vzdělávací politika > Evropa
povinná školní docházka > Evropa
Genre: informační publikace

Available copies

  • 1 of 1 copy available at Common Catalog SPOK.

Holds

  • 0 current holds with 1 total copy.
Show All Copies
Location Call Number / Copy Notes Barcode Shelving Location Status Due Date
Montessori Library KNI0118 4614600118 Chodba Available -

LDR 00982nam a2200313 a 4500
00145585
003CZ-PrJAB
00520191218114323.0
007ta
008040514s2004 be ab e 000 0 ger d
020 . ‡a2-87116-365-0
035 . ‡a(CZ BrMZK)000716024
040 . ‡aBOA001 ‡bcze
043 . ‡ae------
072 7. ‡a37.014 ‡xVzdělávací a výchovná politika ‡2Konspekt ‡922
080 . ‡a37.014.5 ‡2MRF
080 . ‡a37.014.14 ‡2MRF
080 . ‡a(4) ‡2MRF
080 . ‡a(036) ‡2MRF
24500. ‡aEvaluation der allgemein bildenden schulen im Bereich der Schulpflicht in Europa
260 . ‡aBrüssel : ‡bEurydice, ‡cc2004
300 . ‡a155 s. : ‡bil., mapy ; ‡c28 cm
4901 . ‡aEurydice-Studien
504 . ‡aObsahuje bibliografické odkazy
65007. ‡avzdělávací politika ‡7ph127308 ‡zEvropa ‡2czenas
65007. ‡apovinná školní docházka ‡7ph124444 ‡zEvropa ‡2czenas
655 7. ‡ainformační publikace ‡7fd132454 ‡2czenas
830 0. ‡aEurydice-Studien
910 . ‡aABG323 ‡b3-1135.836
990 . ‡aBK
901 . ‡a45585 ‡bCZ-PrJAB ‡c45585 ‡tbiblio

Additional Resources